Vystavovali laboratórne prístroje

Bibliographic Details
Main Author: Plachý, Tomáš (Author)
Format: Article
Language:Slovak
Subjects:

MARC

LEADER 00000nab a2200000 a 4500
001 vtls000317448
003 SK-MaSNL
005 20260302225837.0
008 111201c1978 xo 0 slo
015 |a SNBRB19rr/mm-uuuuu 
035 |a CL0007540 
040 |a SNKBUCL  |b slo  |c SNKBUCL  |e AACR2 
041 0 |a slo 
044 |a xo  |c SK 
080 |a 681  |2 1981 
100 1 |a Plachý, Tomáš  |4 aut  |9 958729 
245 1 0 |a Vystavovali laboratórne prístroje  |c Tomáš Plachý 
650 0 7 |a laboratórne prístroje  |2 snkbucl  |9 119733 
655 7 |a články z novín a časopisov  |2 snkbucl  |9 267496 
773 0 |t Technické noviny  |g Roč. 26, č. 15 (1978), s. 11 
850 |a Slovenská národná knižnica v Martine  |a MTA001 
852 |a SNK  |b KIS3GCP 
958 |a RK 
992 |a RBX 
999 |c 1531007  |d 1532937